|
|
|
|
| LEADER |
00000nam0a2200000 4500 |
| 001 |
357473 |
| 005 |
20231102011009.0 |
| 035 |
|
|
|a (RuTPU)RU\TPU\retro\14741
|
| 090 |
|
|
|a 357473
|
| 100 |
|
|
|a 20200805d1976 m y0rusy50 ca
|
| 101 |
0 |
|
|a rus
|
| 102 |
|
|
|a RU
|
| 105 |
|
|
|a a j 001zy
|
| 200 |
1 |
|
|a Новые конструкционные материалы-пластмассы
|e учебное пособие
|f Н. Е. Фурчиков
|g Мордовский государственный университет им. Н. П. Огарева
|
| 210 |
|
|
|a Саранск
|c Изд-во Мордовского ун-та
|d 1976
|
| 215 |
|
|
|a 111 с.
|c ил.
|
| 320 |
|
|
|a Библиогр.: с. 109
|
| 606 |
1 |
|
|a Пластмассы конструкционные
|2 stltpush
|3 (RuTPU)RU\TPU\subj\49178
|9 67988
|
| 610 |
1 |
|
|a учебные пособия
|
| 610 |
1 |
|
|a новые материалы
|
| 610 |
1 |
|
|a конструкционные материалы
|
| 610 |
1 |
|
|a свойства
|
| 610 |
1 |
|
|a применение
|
| 610 |
1 |
|
|a изготовление
|
| 610 |
1 |
|
|a механическая обработка
|
| 610 |
1 |
|
|a сварка
|
| 610 |
1 |
|
|a склеивание
|
| 610 |
1 |
|
|a пластмассовые покрытия
|
| 675 |
|
|
|a 678.5.067(075.8)
|v 4
|
| 700 |
|
1 |
|a Фурчиков
|b Н. Е.
|g Николай Евграфович
|
| 712 |
0 |
2 |
|a Мордовский государственный университет им. Н. П. Огарева
|c (Саранск)
|2 stltpush
|3 (RuTPU)RU\TPU\col\6661
|9 24254
|
| 801 |
|
1 |
|a RU
|b 63413507
|c 20200805
|
| 801 |
|
2 |
|a RU
|b 63413507
|c 20210225
|g RCR
|
| 942 |
|
|
|c BK
|